[Event "Tsaghkadzor op"]
[Site "Tsaghkadzor"]
[Date "2023.09.22"]
[Round "3"]
[White "Sethuraman, SP."]
[Black "Kushagra, Mohan"]
[Result "1/2-1/2"]
[WhiteElo "2608"]
[BlackElo "2410"]
[PlyCount "127"]
[EventDate "2023.09.20"]
[EventType "swiss"]
[EventRounds "9"]
[EventCountry "ARM"]
[SourceTitle "EXT 2024"]
[Source "ChessBase"]
[SourceDate "2023.10.10"]
[SourceVersion "1"]
[SourceVersionDate "2023.10.10"]
[SourceQuality "1"]

1. e4 e5 2. Nf3 Nc6 3. Bb5 a6 4. Ba4 Nf6 5. d3 d6 6. c3 g6 7. 0-0 Bg7 8. h3 0-0 9. Be3 b5 10. Bc2 d5 11. Nbd2 Re8 12. a4 Rb8 13. Nb3 Nh5 14. exd5 Qxd5 15. Nc5 Nd4 16. b4 Nxc2 17. Qxc2 f5 18. Rfe1 f4 19. Bd2 Bf5 20. Qa2 Rbd8 21. Nxa6 Qxa2 22. Rxa2 c6 23. axb5 cxb5 24. Nc7 Re7 25. Nxb5 Bxd3 26. Nbd4 Rde8 27. Nc2 Nf6 28. Rc1 Nd5 29. Ra5 Rd8 30. Be1 Rc7 31. Rc5 Rxc5 32. bxc5 Rc8 33. Nb4 Nxb4 34. cxb4 e4 35. Ng5 h6 36. Ne6 Bb2 37. Rd1 g5 38. f3 Bc4 39. Rd8+ Rxd8 40. Nxd8 Bf6 41. Nb7 Bd5 42. Nd6 exf3 43. gxf3 Bxf3 44. Bf2 h5 45. b5 g4 46. c6 Bd8 47. Nc8 Kf7 48. Na7 g3 49. Bc5 Be4 50. Nc8 Ke6 51. Nd6 Bd5 52. Ne8 f3 53. c7 f2+ 54. Bxf2 gxf2+ 55. Kf1 Kd7 56. cxd8Q+ Kxd8 57. Nf6 Bc4+ 58. Kxf2 Bxb5 59. Nxh5 Ke7 60. Kg3 Kf7 61. Nf4 Ba4 62. h4 Bd1 63. h5 Bxh5 64. Nxh5 1/2-1/2

[Event "Asia-ch Blitz U20"]
[Site "Jamshedpur"]
[Date "2023.09.15"]
[Round "9"]
[White "Kushagra, Mohan"]
[Black "Srihari, LR."]
[Result "1-0"]
[WhiteElo "2377"]
[BlackElo "2334"]
[PlyCount "50"]
[EventDate "2023.09.15"]
[EventType "swiss (blitz)"]
[EventRounds "9"]
[EventCountry "IND"]
[SourceTitle "EXT 2024"]
[Source "ChessBase"]
[SourceDate "2023.10.10"]
[SourceVersion "1"]
[SourceVersionDate "2023.10.10"]
[SourceQuality "1"]

1. e4 c6 2. d4 d5 3. e5 Bf5 4. h4 h5 5. Bd3 Bxd3 6. Qxd3 Qa5+ 7. Nd2 e6 8. Ngf3 Nh6 9. 0-0 Qa6 10. c4 Nf5 11. b3 c5 12. Qb1 dxc4 13. d5 c3 14. dxe6 cxd2 15. exf7+ Kd8 16. Bxd2 Nd4 17. Nxd4 cxd4 18. Qe4 Nc6 19. e6 Qb5 20. Rac1 Qe5 21. Bg5+ Be7 22. Qg6 Bxg5 23. hxg5 Ke7 24. Rfe1 Qf4 25. Qxg7 Raf8 1-0

[Event "Asia-ch U20"]
[Site "Jamshedpur"]
[Date "2023.09.15"]
[Round "9"]
[White "Srihari, LR."]
[Black "Kushagra, Mohan"]
[Result "1/2-1/2"]
[WhiteElo "2444"]
[BlackElo "2410"]
[PlyCount "54"]
[EventDate "2023.09.09"]
[EventType "swiss"]
[EventRounds "9"]
[EventCountry "IND"]
[SourceTitle "EXT 2024"]
[Source "ChessBase"]
[SourceDate "2023.10.10"]
[SourceVersion "1"]
[SourceVersionDate "2023.10.10"]
[SourceQuality "1"]

1. c4 e5 2. Nc3 Nf6 3. Nf3 Nc6 4. e3 Bb4 5. Qc2 Bxc3 6. Qxc3 Qe7 7. d4 e4 8. Ng1 0-0 9. b3 d6 10. Bb2 a5 11. a3 Nh5 12. Ne2 Qg5 13. h3 f5 14. g3 Qd8 15. Nf4 Nf6 16. h4 g6 17. Be2 b6 18. c5 Bd7 19. cxd6 cxd6 20. Bc4+ Kg7 21. Bb5 Ne7 22. d5 Kh6 23. a4 Bxb5 24. axb5 Qd7 25. Ne6 Rf7 26. Ng5 Rff8 27. Ne6 Rf7 1/2-1/2